| 000 | 00401cam a2200157ua 4500 | ||
|---|---|---|---|
| 003 | OSt | ||
| 008 | 250707b |||||||| |||| 00| 0 eng d | ||
| 041 | _aeng | ||
| 082 |
_a624.18341 _bCLE/DE |
||
| 100 |
_aClements, R W . _97619 |
||
| 245 | _aDesign of reinforced concrete elements / | ||
| 250 | _a1 / | ||
| 260 |
_aPlymouth : _bMacdonald And Evans Ltd , _c1978. |
||
| 300 | _a121 ; . | ||
| 942 | _cBK | ||
| 999 |
_c2876 _d2876 |
||